Vplyv zmien v organizácii na výkonnosť pracovnej skupiny diplomová práca

Na minha lista:
Detalhes bibliográficos
Autor principal: Szórádová, Eva
Autor Corporativo: Fakulta podnikového manažmentu EU. Katedra manažmentu
Outros Autores: Gažová Adamková, Hana, 1969-
Formato: Livro
Idioma:eslovaco
Publicado em: Bratislava 2011
Tags: Adicionar Tag
Sem tags, seja o primeiro a adicionar uma tag!

MARC

LEADER 00000nbm a2200000 4500
001 0131287
005 20161109101654.7
041 0 |a slo 
044 |a SK 
245 1 0 |a Vplyv zmien v organizácii na výkonnosť pracovnej skupiny  |b diplomová práca  |c Eva Szórádová ; školiteľ: Hana Gažová-Adamková 
264 1 |a Bratislava  |c 2011 
300 |a 88 s. 
100 1 |a Szórádová, Eva 
700 1 |a Gažová Adamková, Hana, 1969- 
710 2 |a Fakulta podnikového manažmentu EU. Katedra manažmentu